[Event "Wellington Club Championship - Open Swiss"]
[Site "Wellington Chess Club"]
[Date "2024.09.26"]
[Round "1.2"]
[White "Munim, Ahmed"]
[Black "Coates, Alex"]
[Result "0-1"]
[WhiteElo "1542"]
[BlackElo "1887"]
[WhiteFideId "0"]
[BlackFideId "4311540"]
[EventDate "2024.09.26"]
[SourceDate ""]

1. e4 c6 2. Nc3 d5 3. Nf3 dxe4 4. Nxe4 Nf6 5. Ng3 Bg4 6. Bc4 e6 7. d4 Bd6 8.
O-O Qc7 9. Re1 O-O 10. Bg5 Nbd7 11. Qd3 a5 12. a3 h6 13. Be3 Bxf3 14. gxf3 Nd5
15. Kh1 Nxe3 16. Qxe3 Bf4 17. Qc3 b5 18. Bd3 Nb6 19. Rg1 Nd5 20. Qe1 Bg5 21.
Qe4 Nf6 22. Qe1 Qf4 23. Be4 Nxe4 24. Qxe4 Qxe4 25. fxe4 Rfd8 26. c3 c5 27. Rad1
cxd4 28. cxd4 Rac8 29. d5 exd5 30. exd5 Rc5 31. d6 Bf4 32. Ne4 Re5 33. Rg4 Rxe4
34. f3 f5 35. fxe4 fxg4 0-1

[Event "Wellington Club Championship - Open Swiss"]
[Site "Wellington Chess Club"]
[Date "2024.09.26"]
[Round "1.3"]
[White "Thirkell, Zachary"]
[Black "Rose, Jim"]
[Result "1-0"]
[WhiteElo "1834"]
[BlackElo "1522"]
[WhiteFideId "4322207"]
[BlackFideId "4326776"]
[EventDate "2024.09.26"]
[SourceDate ""]

1. d4 d6 2. Nf3 Nf6 3. g3 c6 4. Bg2 g6 5. O-O Bg7 6. c4 O-O 7. Nc3 Nbd7 8. h3
Nb6 9. Qd3 Qc7 10. e4 e5 11. Be3 a5 12. Rad1 Re8 13. dxe5 dxe5 14. c5 Nbd7 15.
Na4 Bf8 16. Nd2 Bxc5 17. Nxc5 Nxc5 18. Bxc5 b6 19. Be3 Ba6 20. Qc2 Bxf1 21.
Nxf1 Rad8 22. Rxd8 Rxd8 23. Nd2 b5 24. Nb3 a4 25. Nc5 Qd6 26. Qc3 Re8 27. a3
Qd1+ 28. Kh2 Qd6 29. Qc2 Qc7 30. Bd2 Nd7 31. Bb4 Nxc5 32. Qxc5 Qc8 33. h4 Qc7
34. Bh3 Rd8 35. Qe3 Re8 36. Bc5 Kg7 37. h5 h6 38. hxg6 fxg6 39. Qc3 Qf7 40. f4
Kh7 41. fxe5 g5 42. Bf5+ Kg8 43. g4 h5 44. e6 Rxe6 45. Bxe6 Qxe6 46. gxh5 Qxe4
47. Qe3 Qh4+ 48. Qh3 Qf2+ 49. Bxf2 1-0

[Event "Wellington Club Championship - Open Swiss"]
[Site "Wellington Chess Club"]
[Date "2024.09.26"]
[Round "1.4"]
[White "Osborne, Geoff"]
[Black "Saglam, Yigit"]
[Result "0-1"]
[WhiteElo "1517"]
[BlackElo "1810"]
[WhiteFideId "4311485"]
[BlackFideId "0"]
[EventDate "2024.09.26"]
[SourceDate ""]

1. e4 c5 2. c3 Nc6 3. d4 cxd4 4. cxd4 d5 5. exd5 Qxd5 6. Nf3 Bg4 7. Be2 e6 8.
O-O Nf6 9. Nc3 Qa5 10. a3 Be7 11. Bf4 O-O 12. b4 Qd8 13. Re1 Nd5 14. Nxd5 Qxd5
15. b5 Bxf3 16. Bxf3 Qxb5 17. d5 exd5 18. Rb1 Qa6 19. a4 Bb4 20. Re3 Qc4 21.
Bg5 d4 22. Rc1 Bc3 23. Re4 Rae8 24. Qc2 Nb4 25. Qb1 Qd3 26. Qxd3 Nxd3 27. Rb1
Rxe4 28. Bxe4 Nc5 29. Bxb7 Rb8 30. Be4 Rxb1+ 31. Bxb1 Nxa4 32. Kf1 Nc5 33. Ke2
h6 34. Bd2 Bxd2 35. Kxd2 Kf8 36. Bd3 Ke7 37. Bc4 f5 38. f4 a5 39. Kc2 Kd6 40.
Bd3 Nxd3 41. Kxd3 Kd5 0-1

[Event "Wellington Club Championship - Open Swiss"]
[Site "Wellington Chess Club"]
[Date "2024.09.26"]
[Round "1.5"]
[White "Rippon, Joshua"]
[Black "Kang, Eushin"]
[Result "0-1"]
[WhiteElo "1772"]
[BlackElo "1500"]
[WhiteFideId "0"]
[BlackFideId "0"]
[EventDate "2024.09.26"]
[SourceDate ""]

1. e4 c6 2. d4 d5 3. e5 Bf5 4. Bd3 Bxd3 5. Qxd3 e6 6. Nf3 c5 7. c3 Nd7 8. Bf4
Qb6 9. Qc2 Rc8 10. Be3 cxd4 11. Bxd4 Bc5 12. Bxc5 Qxc5 13. O-O Ne7 14. Nbd2 O-O
15. Qa4 b5 16. Qg4 Ng6 17. Rfe1 Qc7 18. Qg3 Qb8 19. Rad1 a5 20. Nb3 a4 21. Nbd4
b4 22. cxb4 Qxb4 23. Re2 Rc4 24. Qh3 Nf4 25. Qg3 Rxd4 26. Nxd4 Qxd4 27. Red2
Ne2+ 0-1

[Event "Wellington Club Championship - Open Swiss"]
[Site "Wellington Chess Club"]
[Date "2024.09.26"]
[Round "1.6"]
[White "Xu, Laura"]
[Black "Stoeveken, Peter"]
[Result "1-0"]
[WhiteElo "1500"]
[BlackElo "1743"]
[WhiteFideId "0"]
[BlackFideId "4304098"]
[EventDate "2024.09.26"]
[SourceDate ""]

1. e4 c5 2. Nf3 Nc6 3. d4 cxd4 4. Nxd4 e5 5. Nb3 Nf6 6. Nc3 Bb4 7. Bd3 Bxc3+ 8.
bxc3 h6 9. Ba3 Ne7 10. Qf3 O-O 11. O-O Re8 12. Rfe1 b6 13. c4 Bb7 14. c5 Bc6
15. cxb6 axb6 16. Bb2 Ng6 17. Nd2 d5 18. exd5 Bxd5 19. Be4 Nxe4 20. Nxe4 Rxa2
21. Rxa2 Bxa2 22. Qa3 Qa8 23. Qb4 Bd5 24. f3 Qc6 25. Nc3 Bc4 26. Rd1 Re6 27.
Ne4 Bd5 28. Nc3 Nf4 29. Nxd5 Nxd5 30. Qe4 Nf6 31. Rd8+ 1-0

[Event "Wellington Club Championship - Open Swiss"]
[Site "Wellington Chess Club"]
[Date "2024.09.26"]
[Round "1.7"]
[White "Hurndell, Robert"]
[Black "Bohme, Alex"]
[Result "1/2-1/2"]
[WhiteElo "1730"]
[BlackElo "1477"]
[WhiteFideId "4310233"]
[BlackFideId "2660270"]
[EventDate "2024.09.26"]
[SourceDate ""]

1. e4 c6 2. Nf3 d5 3. Nc3 dxe4 4. Nxe4 Bf5 5. Ng3 Bg6 6. h4 h5 7. Ne5 Qd6 8.
Nxg6 Qxg6 9. d3 Qe6+ 10. Be2 g6 11. Ne4 Bg7 12. Ng5 Qd6 13. c3 Nh6 14. O-O O-O
15. Qb3 b6 16. d4 Nd7 17. Rd1 c5 18. Ne4 Qc6 19. d5 Qc7 20. Bg5 Qe5 21. Bf3 Nf6
22. Bxf6 Bxf6 23. g3 Ng4 24. Nxf6+ Qxf6 25. Bxg4 hxg4 26. Qa4 Qf3 27. Qc4 Kg7
28. Qd3 1/2-1/2

[Event "Wellington Club Championship - Open Swiss"]
[Site "Wellington Chess Club"]
[Date "2024.09.26"]
[Round "1.8"]
[White "Dhamodharam, Aadhav"]
[Black "Marney, John"]
[Result "1/2-1/2"]
[WhiteElo "1477"]
[BlackElo "1696"]
[WhiteFideId "0"]
[BlackFideId "0"]
[EventDate "2024.09.26"]
[SourceDate ""]

1. e4 e5 2. Nf3 Nc6 3. Bc4 Bc5 4. O-O Nf6 5. c3 O-O 6. Re1 a6 7. d4 exd4 8.
cxd4 Bb4 9. Nc3 d5 10. exd5 Bxc3 11. bxc3 Nxd5 12. Bxd5 Qxd5 13. Qb3 Qxb3 14.
axb3 Bg4 15. d5 Bxf3 16. gxf3 Na7 17. Bf4 Nb5 18. Rac1 Rfe8 19. Re3 Rad8 20.
Rce1 Rxe3 21. Rxe3 Kf8 22. c4 Nd6 23. Bxd6+ Rxd6 24. Kg2 Rg6+ 1/2-1/2

[Event "Wellington Club Championship - Open Swiss"]
[Site "Wellington Chess Club"]
[Date "2024.09.26"]
[Round "1.9"]
[White "Darr, Samuel"]
[Black "Ulm, Eric"]
[Result "1-0"]
[WhiteElo "1679"]
[BlackElo "1473"]
[WhiteFideId "4306120"]
[BlackFideId "4325575"]
[EventDate "2024.09.26"]
[SourceDate ""]

1. e4 e6 2. d4 d5 3. e5 c5 4. c3 Qb6 5. Nf3 Bd7 6. Be2 cxd4 7. cxd4 Bb5 8. O-O
Bxe2 9. Qxe2 Qa6 10. Qxa6 bxa6 11. Bd2 Nc6 12. Rc1 Nge7 13. Nc3 h6 14. Na4 Rb8
15. Rc3 f6 16. b3 fxe5 17. dxe5 g5 18. Nc5 g4 19. Ne1 Bg7 20. Ned3 Kf7 21. Re1
a5 22. Rc2 Nb4 23. Nxb4 axb4 24. Na6 Rbd8 25. Nxb4 Rd7 26. Nd3 h5 27. a4 h4 28.
Nf4 h3 29. gxh3 gxh3 30. Rc3 Rg8 31. Kf1 Bh6 32. Rxh3 Bxf4 33. Bxf4 d4 34. Rd1
Rgd8 35. Ke2 Nd5 36. Rh7+ Kg6 37. Rxd7 Nxf4+ 38. Kf3 Rxd7 39. Kxf4 Rf7+ 40. Kg3
Rd7 41. f4 d3 42. Kf3 Rh7 43. Rxd3 Rxh2 44. Ke4 Re2+ 45. Re3 Rb2 46. Rf3 Re2+
47. Kd4 Rd2+ 48. Kc5 Kf5 49. b4 Re2 50. a5 a6 51. b5 Rc2+ 52. Kb6 axb5 53. Kxb5
Rb2+ 54. Kc5 Rc2+ 55. Kb4 Rb2+ 56. Rb3 Ra2 57. Ra3 Rb2+ 58. Kc3 Rf2 59. a6 Rf3+
60. Kb2 Rf2+ 61. Kc1 Rxf4 62. a7 1-0

[Event "Wellington Club Championship - Open Swiss"]
[Site "Wellington Chess Club"]
[Date "2024.09.26"]
[Round "1.10"]
[White "Kvindt, Max"]
[Black "Grant, Elliot"]
[Result "1-0"]
[WhiteElo "1400"]
[BlackElo "1667"]
[WhiteFideId "0"]
[BlackFideId "0"]
[EventDate "2024.09.26"]
[SourceDate ""]

1. e4 e5 2. Nf3 Nf6 3. Nc3 Nc6 4. Bb5 Bc5 5. Bxc6 dxc6 6. Nxe5 Qd4 7. Nd3 Bb6
8. h3 O-O 9. O-O Nxe4 10. Nxe4 Qxe4 11. Re1 Qg6 12. Ne5 Qf6 13. Qf3 Qxf3 14.
Nxf3 Be6 15. d3 Rfe8 16. Bd2 Bd5 17. Rxe8+ Rxe8 18. Re1 Rxe1+ 19. Nxe1 Bxa2 20.
b3 f6 21. Kf1 Bc5 22. Ke2 b5 23. Be3 Bb6 24. Bxb6 cxb6 25. Kd2 a5 26. Kc3 a4
27. Kb2 axb3 28. cxb3 Bxb3 29. Kxb3 c5 30. Nc2 Kf7 31. Na3 Ke6 32. Nxb5 Ke5 33.
Kc4 h5 34. Nc3 Kd6 35. Kb5 Ke5 36. Ne2 g5 37. Kxb6 Kd5 38. Kb5 f5 39. g3 g4 40.
h4 c4 41. dxc4+ Ke4 42. Nf4 Kf3 43. c5 Kxf2 44. Nxh5 Kf3 45. c6 f4 46. gxf4 g3
47. Nxg3 Kg4 48. c7 Kh3 49. c8=Q+ Kh2 50. Nf1+ Kh1 51. Qh3+ Kg1 52. Qh2+ Kxf1
53. Kc4 1-0

[Event "Wellington Club Championship - Open Swiss"]
[Site "Wellington Chess Club"]
[Date "2024.09.26"]
[Round "1.11"]
[White "List, Robert"]
[Black "Hupert, Leo"]
[Result "0-1"]
[WhiteElo "1653"]
[BlackElo "1389"]
[WhiteFideId "4303490"]
[BlackFideId "0"]
[EventDate "2024.09.26"]
[SourceDate ""]

1. e4 e5 2. Bc4 Nf6 3. d4 exd4 4. Nf3 Nc6 5. Ng5 d5 6. exd5 Ne5 7. Bb3 h6 8.
Qxd4 Bd6 9. Ne4 $2 Nxe4 $1 10. Qxe4 O-O 11. O-O Re8 12. Qd4 Qf6 13. f4 Nf3+ 14.
Rxf3 Qxd4+ 15. Kf1 0-1

[Event "Wellington Club Championship - Open Swiss"]
[Site "Wellington Chess Club"]
[Date "2024.09.26"]
[Round "1.12"]
[White "Pickering, Dean"]
[Black "Farrington, Lawrence B"]
[Result "1-0"]
[WhiteElo "1274"]
[BlackElo "1646"]
[WhiteFideId "0"]
[BlackFideId "4301749"]
[EventDate "2024.09.26"]
[SourceDate ""]

1. d4 Nf6 2. c4 e6 3. Nc3 Bb4 4. Bg5 O-O 5. Nf3 d6 6. e4 h6 7. Bh4 g5 8. Nxg5
hxg5 9. Bxg5 e5 10. dxe5 dxe5 11. Qxd8 Rxd8 12. Bxf6 Bxc3+ 13. bxc3 Re8 14. Rd1
Nd7 15. Bg5 f6 16. Be3 Nf8 17. h4 Be6 18. h5 b6 19. a4 a5 20. g3 Re7 21. f4 Bd7
22. Ra1 exf4 23. gxf4 Rxe4 24. Rg1+ Kf7 25. Kf2 Rae8 26. h6 Ng6 27. Bd3 f5 28.
Bxe4 Rxe4 29. h7 Re8 30. Bd4 Bc6 31. Rxg6 1-0

[Event "Wellington Club Championship - Open Swiss"]
[Site "Wellington Chess Club"]
[Date "2024.09.26"]
[Round "1.13"]
[White "Sova, Leo"]
[Black "He, Zachary"]
[Result "1/2-1/2"]
[WhiteElo "1646"]
[BlackElo "1261"]
[WhiteFideId "39909204"]
[BlackFideId "4320905"]
[EventDate "2024.09.26"]
[SourceDate ""]

1. e4 e6 2. d4 d5 3. exd5 exd5 4. c4 dxc4 5. Bxc4 Nc6 6. Nf3 Bg4 7. O-O Nxd4 8.
Qxd4 Bxf3 9. Qxd8+ Rxd8 10. gxf3 Bd6 11. Nc3 Ne7 12. Re1 O-O 13. Bg5 Rfe8 14.
Rad1 h6 15. Bxe7 Rxe7 16. Rxe7 Bxe7 17. Rxd8+ Bxd8 18. b4 Be7 19. b5 Kf8 20.
Bd5 b6 21. a4 Bb4 22. Ne4 Ke7 23. Kg2 f5 24. Ng3 f4 25. Ne2 Kd6 26. Nxf4 $2 Bd2
27. Ne6 Kxd5 28. Nxc7+ Kc5 29. h4 Kb4 30. Kg3 g5 31. hxg5 hxg5 32. Kg4 Kxa4 33.
Kf5 Bf4 34. Ne6 Kxb5 35. Nxg5 Bxg5 $2 36. Kxg5 a5 37. f4 a4 38. f5 a3 39. f6 a2
40. f7 a1=Q 41. f8=Q Qg1+ 42. Kh6 Qh2+ 43. Kg7 Qg2+ 44. Kh7 Qh2+ 45. Kg6 Qg2+
46. Kh5 Qh2+ 47. Kg4 Qg2+ 48. Kh4 Qh2+ 49. Kg5 Qg2+ 50. Kh5 Qh2+ 51. Kg4
1/2-1/2

[Event "Wellington Club Championship - Open Swiss"]
[Site "Wellington Chess Club"]
[Date "2024.09.26"]
[Round "1.14"]
[White "Qin, Dan"]
[Black "Lieser, Joshua"]
[Result "0-1"]
[WhiteElo "1177"]
[BlackElo "1643"]
[WhiteFideId "0"]
[BlackFideId "4326385"]
[EventDate "2024.09.26"]
[SourceDate ""]

1. d4 f5 2. Bf4 Nf6 3. e3 g6 4. Nd2 Bg7 5. Ngf3 O-O 6. Bd3 Nc6 7. c3 Re8 8. h3
h6 9. O-O d6 10. Bc4+ Kh7 11. d5 Na5 12. Qa4 Nxc4 13. Qxc4 a6 14. e4 Nxe4 15.
Nxe4 fxe4 16. Qxe4 Bf5 17. Qe3 e6 18. dxe6 Rxe6 19. Qd2 Qe7 20. Rfe1 Rf8 21.
Rxe6 Bxe6 22. Nd4 Bxd4 23. cxd4 g5 24. Bg3 Qf7 25. b3 Qf6 26. Rc1 Rf7 27. b4
Qf5 28. a4 Bd5 29. Re1 Bc6 30. a5 Qd5 31. f3 Bb5 32. Qe3 Kg7 33. Qe4 Bc6 34.
Qxd5 Bxd5 35. Re8 Bc6 36. Re3 h5 37. h4 gxh4 38. Bxh4 Rf4 39. Bf2 Kf6 40. Re8
0-1

[Event "Wellington Club Championship - Open Swiss"]
[Site "Wellington Chess Club"]
[Date "2024.09.26"]
[Round "1.15"]
[White "Qu, Lucas"]
[Black "Pham, Anthony"]
[Result "1-0"]
[WhiteElo "1620"]
[BlackElo "1151"]
[WhiteFideId "4314620"]
[BlackFideId "0"]
[EventDate "2024.09.26"]
[SourceDate ""]

1. e4 e5 2. Nf3 Nc6 3. Bb5 Nf6 4. O-O a6 5. Ba4 Bc5 6. Nxe5 Nxe5 7. d4 Qe7 8.
dxc5 Qxc5 9. Nc3 b5 10. Bb3 O-O 11. Be3 Qe7 12. Bg5 h6 13. Nd5 Qd6 14. Nxf6+
gxf6 15. Qxd6 cxd6 16. Bxh6 Re8 17. Bf4 Bb7 18. f3 a5 19. a3 Kg7 20. Rad1 Nc4
21. Bxc4 bxc4 22. Rxd6 Re6 23. Rxd7 Ba6 24. Rfd1 Rb8 25. Bxb8 Rb6 26. R7d6 Rxb8
27. Rxa6 Rxb2 28. Rxa5 Rxc2 29. Rc5 Kg6 30. Rd4 Rc3 31. Rdxc4 Rxa3 32. Rc6 1-0

[Event "Wellington Club Championship - Open Swiss"]
[Site "Wellington Chess Club"]
[Date "2024.09.26"]
[Round "1.16"]
[White "Sethuramalingam, Niranjana"]
[Black "Page, Archer"]
[Result "1-0"]
[WhiteElo "1098"]
[BlackElo "1600"]
[WhiteFideId "4326415"]
[BlackFideId "0"]
[EventDate "2024.09.26"]
[SourceDate ""]

1. e4 Nf6 2. Nc3 e5 3. Nf3 Nc6 4. Bc4 Nxe4 5. Nxe4 d5 6. Bb5 dxe4 7. Bxc6+ bxc6
8. Nxe5 Bc5 9. c3 Qf6 10. d4 exd3 11. O-O Bxf2+ 12. Rxf2 Qxe5 13. Qxd3 O-O 14.
Bf4 Qe7 15. Rf3 Be6 16. Re1 Rad8 17. Qc2 Qc5+ 18. Kh1 Rd7 19. Be3 Qa5 20. Rf4
Qxa2 21. Rh4 g6 22. Qf2 Rb8 23. Qf6 Kf8 24. Rxh7 1-0

[Event "Wellington Club Championship - Open Swiss"]
[Site "Wellington Chess Club"]
[Date "2024.09.26"]
[Round "1.17"]
[White "Ashe, Michael"]
[Black "He, Jacob"]
[Result "1-0"]
[WhiteElo "1591"]
[BlackElo "1058"]
[WhiteFideId "4310462"]
[BlackFideId "4320891"]
[EventDate "2024.09.26"]
[SourceDate ""]

1. d4 d5 2. c4 e6 3. Nc3 Nf6 4. cxd5 exd5 5. Bg5 Be6 6. e3 c6 7. Bd3 Nbd7 8.
Nge2 Bd6 9. Qc2 g6 10. f3 c5 11. dxc5 Bxc5 12. Nf4 Qe7 13. Nfxd5 Qd6 14. Bf4
Qc6 15. Nc7+ Kd8 16. Nxa8 Ke7 17. Nc7 Nd5 18. N7xd5+ Bxd5 19. Nxd5+ Qxd5 20.
Be4 Bb4+ 21. Kf2 Qc5 22. Qxc5+ Nxc5 23. Bc2 Rd8 24. Rhd1 Rxd1 25. Rxd1 Ne6 26.
Bb8 a6 27. a3 Bc5 28. b4 Bb6 29. Be4 Bc7 30. Bxc7 Nxc7 31. Bxb7 Nb5 32. Bxa6
Nc3 33. Rd3 1-0

[Event "Wellington Club Championship - Open Swiss"]
[Site "Wellington Chess Club"]
[Date "2024.09.26"]
[Round "1.18"]
[White "Hao, John"]
[Black "Saglam, Azra Sena"]
[Result "1/2-1/2"]
[WhiteElo "1045"]
[BlackElo "1589"]
[WhiteFideId "4326377"]
[BlackFideId "4320956"]
[EventDate "2024.09.26"]
[SourceDate ""]

1. e4 c5 2. Nf3 e6 3. d4 cxd4 4. Nxd4 Nf6 5. Nc3 d6 6. Bd3 Be7 7. O-O O-O 8.
Bd2 Bd7 9. Qe2 Nc6 10. Nf3 a6 11. Rfe1 Ng4 12. Bf4 b5 13. a3 Rc8 14. h3 Nf6 15.
Rad1 Na5 16. Na2 Nc4 17. Bxc4 Rxc4 18. Bxd6 Bxd6 19. Rxd6 Rxe4 20. Qd1 Rxe1+
21. Qxe1 Qc8 22. Nb4 a5 23. Nd3 Qxc2 24. Qxa5 Rc8 25. Nfe5 Qc7 26. Qxc7 Rxc7
27. Nxd7 Rxd7 28. Rxd7 Nxd7 29. b3 Kf8 30. a4 bxa4 31. bxa4 Ke8 32. Kf1 Kd8 33.
Ke2 Kc7 34. Kd2 Kb6 35. Kc3 Ka5 36. Kb3 g5 37. f3 h5 38. g4 h4 39. Kc4 f5 40.
Kd4 Kb6 41. Ne5 Nf6 42. Kc4 fxg4 43. fxg4 Ne4 44. Nf7 e5 45. Kd5 Nf6+ 46. Kxe5
Nxg4+ 47. Kf5 Nf2 48. Nxg5 Nxh3 49. Nxh3 Ka5 50. Kg5 Kxa4 51. Kxh4 1/2-1/2

[Event "Wellington Club Championship - Open Swiss"]
[Site "Wellington Chess Club"]
[Date "2024.09.26"]
[Round "1.19"]
[White "Joseph, Joji Chacko"]
[Black "Wong, Jaden"]
[Result "1-0"]
[WhiteElo "1584"]
[BlackElo "995"]
[WhiteFideId "4308816"]
[BlackFideId "0"]
[EventDate "2024.09.26"]
[SourceDate ""]

1. e4 e6 2. d4 d5 3. Nd2 c5 4. c3 Nc6 5. Ngf3 Qb6 6. exd5 exd5 7. Nb3 c4 8.
Nbd2 Nf6 9. Be2 Be7 10. O-O O-O 11. b3 Na5 12. bxc4 dxc4 13. Nxc4 Nxc4 14. Bxc4
Qc7 15. Qb3 Ne4 16. Ne5 Nd6 17. Bd5 Rd8 18. Nxf7 Nxf7 19. Bxf7+ Kf8 20. Bg8 Bd6
21. Re1 Bf5 22. Re3 Bg4 23. h3 Bh5 24. Bxh7 Re8 25. Ba3 b6 26. Qg8# 1-0

[Event "Wellington Club Championship - Open Swiss"]
[Site "Wellington Chess Club"]
[Date "2024.09.26"]
[Round "1.20"]
[White "Miriyala, Sreenikesh"]
[Black "Tan, Jin"]
[Result "0-1"]
[WhiteElo "948"]
[BlackElo "1582"]
[WhiteFideId "4325532"]
[BlackFideId "4320972"]
[EventDate "2024.09.26"]
[SourceDate ""]

1. e4 e5 2. Nf3 Nc6 3. d4 exd4 4. Bc4 h6 5. O-O d6 6. Re1 Bg4 7. h3 Bh5 8. c3
Qf6 9. Be2 Bxf3 10. Bxf3 O-O-O 11. cxd4 Nxd4 12. Bg4+ Kb8 13. Be3 Nc6 14. Nc3
Nge7 15. Qc2 h5 16. Bf3 Ne5 17. Nb5 N7c6 18. Be2 a6 19. Nc3 g5 20. Nd5 Qg6 21.
Bxa6 bxa6 22. Qxc6 $4 Nxc6 23. Rec1 Kb7 24. Rc3 Rb8 25. Rb3+ Kc8 26. Rc3 Qxe4
27. Rxc6 Qxd5 28. Rac1 Rb7 29. Bb6 Qxc6 30. Rxc6 Rxb6 31. Rc1 Rxb2 32. Re1 Kd7
33. Kh2 Rxf2 34. Rh1 h4 35. Rg1 Bg7 36. a4 Re8 37. a5 Ree2 38. Kh1 Bd4 39. Kh2
Ke6 40. Kh1 Rxg2 41. Rxg2 Re1+ 42. Rg1 Rxg1+ 43. Kh2 Rg3 44. Kh1 Kf5 45. Kh2
Kf4 46. Kh1 Kf3 0-1

[Event "Wellington Club Championship - Open Swiss"]
[Site "Wellington Chess Club"]
[Date "2024.10.03"]
[Round "2.1"]
[White "Coates, Alex"]
[Black "Xu, Laura"]
[Result "1-0"]
[WhiteElo "1887"]
[BlackElo "1500"]
[PlyCount "67"]
[SourceVersionDate "2024.10.05"]

1. d4 Nf6 2. c4 e6 3. Nc3 Bb4 4. Qc2 d5 5. cxd5 Nxd5 6. e4 Nb6 7. a3 Bxc3+ 8.
bxc3 Bd7 9. Nf3 Ba4 10. Qb2 N8d7 11. Bg5 f6 12. Be3 Rc8 13. e5 c5 14. exf6 Qxf6
15. Bd3 cxd4 16. Bxd4 e5 17. Be3 Bc6 18. Be2 Na4 19. Qb4 Ndb6 20. Bg5 Qe6 21.
O-O Nd5 22. Bc4 h6 23. Bxd5 Bxd5 24. Qxa4+ Bc6 25. Qh4 Bxf3 26. gxf3 Rc4 27. f4
Kf7 28. Rfe1 hxg5 29. Qxh8 Qg4+ 30. Kf1 Qf3 31. Rxe5 Qh1+ 32. Ke2 Re4+ 33. Kd2
Re2+ 34. Kxe2 1-0

[Event "Wellington Club Championship - Open Swiss"]
[Site "Wellington Chess Club"]
[Date "2024.10.03"]
[Round "2.2"]
[White "Tan, Jin"]
[Black "Thirkell, Zachary"]
[Result "0-1"]
[WhiteElo "1582"]
[BlackElo "1834"]
[PlyCount "68"]
[EventDate "2024.09.26"]

1. e4 c6 2. d4 d5 3. Nc3 dxe4 4. Nxe4 Nf6 5. Nxf6+ exf6 6. Nf3 Bg4 7. c3 Bd6 8.
Be2 O-O 9. Be3 Re8 10. O-O Nd7 11. Re1 Qc7 12. h3 Bh5 13. Rc1 a6 14. Qb3 Re7
15. c4 c5 16. Qc3 Rae8 17. a3 Nf8 18. d5 Bf4 19. Qd3 Rxe3 20. fxe3 Bxe3+ 21.
Kh1 Bxc1 22. Rxc1 Qf4 23. Rc3 Nd7 24. Bf1 Ne5 25. Nxe5 fxe5 26. g4 Bg6 27. Qe2
e4 28. Kg2 e3 29. Kg1 Qg3+ 30. Bg2 f5 31. gxf5 Bxf5 32. Qf3 Qxf3 33. Bxf3 e2
34. Bxe2 Rxe2 0-1

[Event "Wellington Club Championship - Open Swiss"]
[Site "Wellington Chess Club"]
[Date "2024.10.03"]
[Round "2.3"]
[White "Saglam, Yigit"]
[Black "Kvindt, Max"]
[Result "1-0"]
[WhiteElo "1810"]
[BlackElo "1400"]
[Annotator "Azra"]
[PlyCount "101"]
[EventDate "2024.09.26"]

1. e4 e6 2. d4 d5 3. Nd2 c5 4. c3 Nc6 5. Bb5 Bd7 6. exd5 exd5 7. Ndf3 cxd4 8.
Bxc6 Bxc6 9. Nxd4 Bc5 10. Ngf3 Qe7+ 11. Be3 Nf6 12. O-O Bxd4 13. Bxd4 O-O 14.
Ne5 Rfe8 15. Re1 Nd7 16. Qg4 Nf6 17. Qh4 Nd7 18. Qg3 Qd6 19. Nxd7 Qxg3 20. Nf6+
gxf6 21. hxg3 Kg7 22. f3 Re6 23. Kf2 a6 24. g4 Rae8 25. g5 Rxe1 26. Bxf6+ Kg6
27. Rxe1 Kf5 28. Rxe8 Bxe8 29. Ke3 h5 30. g3 a5 31. Kd4 Bc6 32. b3 Ke6 33. Kc5
a4 34. Bd4 Kf5 35. f4 axb3 36. axb3 Kg4 37. Be5 Kf5 38. Kb6 Kg4 39. b4 Bd7 40.
Kxb7 Bf5 41. b5 Kxg3 42. b6 h4 43. Kc7 h3 44. b7 h2 45. b8=Q h1=Q 46. Qb6 Qc1
47. Qd4 Be6 48. f5+ Kf3 49. fxe6 fxe6 50. g6 Qg5 51. Qf4+ 1-0

[Event "Wellington Club Championship - Open Swiss"]
[Site "Wellington Chess Club"]
[Date "2024.10.03"]
[Round "2.4"]
[White "Lavender, Ariel J"]
[Black "Darr, Samuel"]
[Result "1-0"]
[WhiteElo "1547"]
[BlackElo "1679"]
[PlyCount "61"]
[EventDate "2024.09.26"]

1. e4 e6 2. b3 d5 3. Bb2 dxe4 4. Nc3 Nf6 5. Qe2 Bb4 6. O-O-O O-O 7. g4 e5 8.
Nxe4 Nxe4 9. Qxe4 Nc6 10. Bc4 Qd7 11. f3 Re8 12. h4 b6 13. Bd5 Bb7 14. Bxc6
Bxc6 15. Qxb4 a5 16. Qc3 b5 17. d4 b4 18. Qc5 Red8 19. d5 a4 20. Ne2 Bxd5 21.
c4 bxc3 22. Nxc3 c6 23. Nxa4 Qe6 24. Rhe1 Qh6+ 25. Qe3 Qxh4 26. Rh1 Qe7 27.
Qxe5 Qxe5 28. Bxe5 Re8 29. Rde1 Bxf3 30. Rhg1 Ra5 31. Bc3 1-0

[Event "Wellington Club Championship - Open Swiss"]
[Site "Wellington Chess Club"]
[Date "2024.10.03"]
[Round "2.5"]
[White "Lieser, Joshua"]
[Black "Pickering, Dean"]
[Result "0-1"]
[WhiteElo "1643"]
[BlackElo "1274"]
[WhiteFideId "4326385"]
[BlackFideId "0"]
[PlyCount "0"]
[EventDate "2024.09.26"]
[SourceDate ""]

1. e4 e5 2. Nf3 Nc6 3. Bc4 Nf6 4. Ng5 d5 5. exd5 Na5 6. Bb5+ { C58 Italian
Game: Two Knights Defense, Polerio Defense, Bishop Check Line } 6... c6 7. dxc6
bxc6 8. Ba4 $4 { (0.00 ? -1.83) Blunder. Bd3 was best. }  (8. Bd3 Nd5 9. Nf3
Bd6 10. O-O Nf4 11. Nc3 Nxd3 12. cxd3 O-O) 8... h6 9. Nf3 e4 10. Ne5 $2 {
(-2.09 ? -3.58) Mistake. Qe2 was best. }  (10. Qe2 Be6 11. Ng1 Bc5 12. Nc3 O-O
13. b3 Re8 14. h3 Qb6 15. Qf1 Nd5) 10... Qd4 11. Bxc6+ Nxc6 12. Nxc6 Qc5 13.
O-O Qxc6 14. Nc3 Bc5 15. h3 $6 { (-4.03 ? -5.13) Inaccuracy. d4 was best. }  (
15. d4 exd3 16. Re1+ Be6 17. Qxd3 O-O 18. Be3 Rfd8 19. Qb5 Qxb5 20. Nxb5 Bxe3) 
15... O-O 16. Re1 Bb7 17. Kf1 $6 { (-5.45 ? -7.29) Inaccuracy. Qe2 was best. } 
(17. Qe2 Rfe8 18. b4 Bxb4 19. Bb2 Rad8 20. Qb5 e3 21. Qxc6 exf2+ 22. Kxf2 Rxd2+
) 17... Rad8 18. b3 $6 { (-5.97 ? -8.02) Inaccuracy. Re3 was best. }  (18. Re3
Rfe8 19. Kg1 Kh8 20. Qf1 Ba6 21. Qe1 Bd4 22. b4 Bc4 23. Bb2 a6) 18... e3 19. f3
Rfe8 20. d3 Bb4 21. Rb1 Bxc3 22. Rxe3 Rxe3 23. Bxe3 Bd4 24. Bf4 $6 { (-5.57 ?
-7.76) Inaccuracy. Bxd4 was best. }  (24. Bxd4 Rxd4 25. Qd2 Qc7 26. Re1 Bc8 27.
c3 Rd8 28. c4 Kh8 29. d4 Qh2) 24... Nd5 25. Bc1 Nc3 0-1

[Event "Wellington Club Championship - Open Swiss"]
[Site "Wellington Chess Club"]
[Date "2024.10.03"]
[Round "2.6"]
[White "Kang, Eushin"]
[Black "Qu, Lucas"]
[Result "1-0"]
[WhiteElo "1500"]
[BlackElo "1620"]
[WhiteFideId "0"]
[BlackFideId "4314620"]
[PlyCount "0"]
[EventDate "2024.09.26"]
[SourceDate ""]

1. d4 d5 2. c4 e6 3. Nc3 Nf6 4. cxd5 exd5 5. Bg5 Bb4 6. Qb3 Nc6 7. e3 a6 8. Bd3
Be6 9. Nf3 h6 10. Bh4 Qe7 11. O-O g5 12. Bg3 O-O-O 13. a3 Bd6 14. Na4 Ne4 15.
Rfc1 Na5 16. Qc2 Nxg3 17. hxg3 Bd7 18. b4 Nc4 19. Nc5 Bxc5 20. bxc5 g4 21. Bxc4
gxf3 22. Bxd5 c6 23. Bxf3 h5 24. d5 h4 25. d6 Qg5 26. Qb2 hxg3 27. Qb6 Kb8 28.
Rab1 Bc8 29. Qc7+ Ka8 30. Bxc6 gxf2+ 31. Kxf2 Qh4+ 32. Ke2 Bg4+ 33. Bf3 Bxf3+
34. gxf3 Qh2+ 35. Kd3 Qh7+ 36. e4 Rb8 37. Rh1 Qg7 38. Rxh8 Qxh8 39. d7 Qd8 40.
Rxb7 Qxc7 41. Rxc7 Rd8 42. Rc8+ Rxc8 43. dxc8=Q+ Ka7 44. c6 Kb6 45. Qb7+ Kc5
46. c7 f5 47. c8=Q+ Kd6 48. Qd5+ Ke7 49. Qde6# 1-0